| 000 | 00863nam a22002177a 4500 | ||
|---|---|---|---|
| 999 |
_c8406 _d8406 |
||
| 003 | AR-CdUCM | ||
| 008 | 190325b ||||| |||| 00| 0 spa d | ||
| 040 |
_aMUNICIPALIDAD PROVINCIAL DEL CUSCO _cBIBLIOTECA MUNICIPAL DEL CUSCO |
||
| 082 |
_a574 / _bS78 |
||
| 100 |
_aStahl, Franklin W. _923594 |
||
| 245 | _aMecánica de la herencia / | ||
| 260 |
_aMéxico : _bUnion Tipografica Editorial Hispano Americana , _c1967. |
||
| 300 |
_a293 + 11 páginas ; _c17.5 cm. |
||
| 440 |
_aManuales Uteha _n309 _923595 |
||
| 505 | _aContenido : Herencia -- Identificacion del material genico -- Estructura del AND (y del ARN) -- Duplicacion del ADN -- Mutacion del ADN -- Organizacion del ADN -- La reconbinacion en los organismos superiores... | ||
| 650 |
_aBiologia _9881 |
||
| 650 |
_aMicrobiologia _922104 |
||
| 650 |
_aADN _921680 |
||
| 942 |
_2ddc _cLIBROS |
||
| 945 | _artm | ||